000 00722nas a2200253 4500
001 BR0102892
003 BR-BrBNA
005 20231205102308.0
007 ta
008 230509b bl.|||p| |||| 00| 00por d
040 _aBR-BrBNA
_bpor
_cBiblioteca Nacional de Agricultura
041 _a(Pt)
072 _aL73
100 1 _aPortugal, M.A.S.C.
100 1 _aReboucas, M.M.
245 1 _aAcarinose dos canarios: um problema emergente
650 _aCanario
650 _aAcariose
650 _aPulmao
650 _aSao Paulo
773 0 _tArquivos do Instituto Biologico (Brazil)
_xISSN 0020-3653
_g(Jan-Jun 1996), v. 63(1) p. 87-89
_wBR0102892
909 _a202311
_bLúcia
_c55
_dLúcia Elande
942 _2AGRIS
_n0
_cANA
999 _c166832
_d166832